MARC details
| 000 -LEADER |
| campo de control de longitud fija |
02032nam a2200445 i 4500 |
| 001 - NÚMERO DE CONTROL |
| campo de control |
194790 |
| 003 - IDENTIFICADOR DE NÚMERO DE CONTROL |
| campo de control |
SpMaBN |
| 005 - FECHA Y HORA DE LA ÚLTIMA TRANSACCIÓN |
| campo de control |
20260216183915.0 |
| 007 - CAMPO FIJO DE DESCRIPCIÓN FÍSICA--INFORMACIÓN GENERAL |
| campo de control de longitud fija |
ta |
| 008 - DATOS DE LONGITUD FIJA--INFORMACIÓN GENERAL |
| campo de control de longitud fija |
240516s2018 sp a | |||| 000 0 spa |
| 017 ## - NÚMERO DE COPYRIGHT O DE DEPÓSITO LEGAL |
| Número de copyright o de depósito legal |
CC 405-2018 |
| Agencia que asigna |
Oficina Depósito Legal Cáceres |
| 035 ## - NÚMERO DE CONTROL DEL SISTEMA |
| Número de control de sistema |
(OCoLC)1107100791 |
| 035 ## - NÚMERO DE CONTROL DEL SISTEMA |
| Número de control de sistema |
a6430130 |
| 040 ## - FUENTE DE CATALOGACIÓN |
| Centro catalogador/agencia de origen |
SpMaBN |
| Lengua de catalogación |
spa |
| Centro/agencia transcriptor |
SpMaBN |
| Normas de descripción |
rda |
| Centro/agencia modificador |
ES-MaACL |
| 080 ## - NÚMERO DE LA CLASIFICACIÓN DECIMAL UNIVERSAL |
| Número de la Clasificación Decimal Universal |
332.24.012.324(460.251)(083.8) |
| 080 ## - NÚMERO DE LA CLASIFICACIÓN DECIMAL UNIVERSAL |
| Número de la Clasificación Decimal Universal |
726:27-523.6(460.251) |
| 080 ## - NÚMERO DE LA CLASIFICACIÓN DECIMAL UNIVERSAL |
| Número de la Clasificación Decimal Universal |
332.264.4(460.251)"18" |
| 100 1# - ENTRADA PRINCIPAL--NOMBRE DE PERSONA |
| Nombre de persona |
Ramos Rubio, José Antonio, |
| Fechas asociadas al nombre |
1963- |
| Número de control del registro de autoridad o número normalizado |
XX925733 |
| Término indicativo de función/relación |
Autor |
| 9 (RLIN) |
174430 |
| 245 10 - MENCIÓN DEL TÍTULO |
| Título |
Bienes, muebles, ornamentos, enseres y demás efectos recogidos en algunos conventos desamortizados en la provincia de Cáceres / |
| Mención de responsabilidad, etc. |
José Antonio Ramos Rubio, Santiago Molano Caballero. |
| 264 #1 - PRODUCCIÓN, PUBLICACIÓN, DISTRIBUCIÓN, FABRICACIÓN Y COPYRIGHT |
| Producción, publicación, distribución, fabricación y copyright |
[Cáceres] : |
| Nombre del de productor, editor, distribuidor, fabricante |
J.A. Ramos, |
| -- |
S. Molano, |
| Fecha de producción, publicación, distribución, fabricación o copyright |
[2018] |
| 264 #3 - PRODUCCIÓN, PUBLICACIÓN, DISTRIBUCIÓN, FABRICACIÓN Y COPYRIGHT |
| Producción, publicación, distribución, fabricación y copyright |
[Las Rozas de Madrid] : |
| Nombre del de productor, editor, distribuidor, fabricante |
Merydeis Gruppo, S.L., |
| Fecha de producción, publicación, distribución, fabricación o copyright |
[fecha de fabricación no identificada] |
| 300 ## - DESCRIPCIÓN FÍSICA |
| Extensión |
227 páginas : |
| Otras características físicas |
fotografías (blanco y negro) ; |
| Dimensiones |
24 cm |
| 336 ## - TIPO DE CONTENIDO |
| Término de tipo de contenido |
Texto |
| Fuente |
rdacontent |
| 337 ## - TIPO DE MEDIO |
| Nombre/término del tipo de medio |
sin mediación |
| Fuente |
rdamedia |
| 338 ## - TIPO DE SOPORTE |
| Nombre/término del tipo de soporte |
volumen |
| Fuente |
rdacarrier |
| 500 ## - NOTA GENERAL |
| Nota general |
Catalogación en proceso. Signatura: N 8645. Depósito J. |
| 504 ## - NOTA DE BIBLIOGRAFÍA, ETC. |
| Nota de bibliografía, etc. |
Incluye referencias bibliográficas |
| 650 #7 - PUNTO DE ACCESO ADICIONAL DE MATERIA--TÉRMINO DE MATERIA |
| Término de materia o nombre geográfico como elemento de entrada |
Patrimonio eclesiástico |
| Subdivisión geográfica |
Cáceres (Provincia) |
| Subdivisión de forma |
Inventarios |
| Fuente del encabezamiento o término |
embne |
| 9 (RLIN) |
236424 |
| 650 #7 - PUNTO DE ACCESO ADICIONAL DE MATERIA--TÉRMINO DE MATERIA |
| Término de materia o nombre geográfico como elemento de entrada |
Conventos |
| Subdivisión geográfica |
Cáceres (Provincia) |
| Fuente del encabezamiento o término |
embne |
| 9 (RLIN) |
236425 |
| 650 #7 - PUNTO DE ACCESO ADICIONAL DE MATERIA--TÉRMINO DE MATERIA |
| Término de materia o nombre geográfico como elemento de entrada |
Desamortización |
| Subdivisión geográfica |
Cáceres (Provincia) |
| Fuente del encabezamiento o término |
embne |
| 9 (RLIN) |
236426 |
| 700 1# - ENTRADA AGREGADA--NOMBRE PERSONAL |
| Nombre de persona |
Molano Caballero, Santiago |
| 9 (RLIN) |
236427 |
| Término indicativo de función/relación |
Autor |
| 852 ## - LOCALIZACIÓN |
| Ubicación |
ES-MaACL |
| Ubicación en estantería |
Depósito J |
| Número de control de estantería |
N-8645 |
| Donativo/Legado |
Donación: José Antonio Ramos Rubio y Santiago Molano Caballero |
| itemnumber |
202439 |
| Sublocalización o colección |
R.153062 |
| Nota libre |
En proceso |
| 903 ## - NOMBRE PERSONAL DE DONANTE |
| a |
Ramos Rubio, José Antonio, |
| d |
1963- |
| e |
Donante |
| 9 |
174430 |
| 903 ## - NOMBRE PERSONAL DE DONANTE |
| 9 |
236427 |
| a |
Molano Caballero, Santiago |
| e |
Donante |
| 942 ## - ELEMENTOS DE ENTRADA SECUNDARIOS (KOHA) |
| Suprimir en OPAC |
No |
| Tipo de ítem Koha |
Libro impreso |